In the hour before midnight (Record no. 33447)

MARC details
000 -LEADER
fixed length control field 00266nam a2200109Ia 4500
082 ## - DEWEY DECIMAL CLASSIFICATION NUMBER
Classification number 82-3
Item number HIG
100 ## - MAIN ENTRY--AUTHOR NAME
Personal name Higgins, Jack
245 #0 - TITLE STATEMENT
Title In the hour before midnight
260 ## - PUBLICATION, DISTRIBUTION, ETC. (IMPRINT)
Place of publication New York;Fawcett
Year of publication 1969
942 ## - ADDED ENTRY ELEMENTS (KOHA)
Koha item type Books
Holdings
Withdrawn status Lost status Damaged status Not for loan Home library Current library Date acquired Full call number Accession Number Koha item type
        RRII Library RRII Library 16/12/2021 82-3 HIG 13944 Books